Operaciones de Bolsa (Record no. 132112)

MARC details
000 -LEADER
campo de control de longitud fija 00681nam a2200193 4500
001 - NÚMERO DE CONTROL
campo de control 132112
003 - IDENTIFICADOR DE NÚMERO DE CONTROL
campo de control ES-MaACL
005 - FECHA Y HORA DE LA ÚLTIMA TRANSACCIÓN
campo de control 20250727091311.0
007 - CAMPO FIJO DE DESCRIPCIÓN FÍSICA--INFORMACIÓN GENERAL
campo de control de longitud fija t|
008 - DATOS DE LONGITUD FIJA--INFORMACIÓN GENERAL
campo de control de longitud fija 070214s1944 sp r ||||1| spa d
100 1# - ENTRADA PRINCIPAL--NOMBRE DE PERSONA
Nombre de persona Rodríguez Sastre, Antonio.
9 (RLIN) 98816
245 10 - MENCIÓN DEL TÍTULO
Título Operaciones de Bolsa
Resto del título : doctrina, legislación y jurisprudencia española /
Mención de responsabilidad, etc. Antonio Rodríguez Sastre.
260 ## - PUBLICACIÓN, DISTRIBUCIÓN, ETC.
Lugar de publicación, distribución, etc. Madrid :
Nombre del editor, distribuidor, etc. Revista de Derecho Privado,
Fecha de publicación, distribución, etc. 1944.
300 ## - DESCRIPCIÓN FÍSICA
Extensión XIX, 590 p. ;
Dimensiones 24 cm.
490 1# - MENCIÓN DE SERIE
Mención de serie Monografías prácticas de Derecho español
830 00 - PUNTO DE ACCESO ADICIONAL DE SERIE-TÍTULO UNIFORME
Título uniforme Monografías prácticas de derecho español
9 (RLIN) 181279
852 ## - LOCALIZACIÓN
Ubicación ES-MaACL
Número de control de estantería E-1007
Sublocalización o colección R.20550
Holdings
Estatus retirado Estado de pérdida Estado de daño No para préstamo Biblioteca de origen Biblioteca actual Ubicación en estantería Fecha de adquisición Fuente de adquisición Total de préstamos Signatura topográfica completa Código de barras Visto por última vez Precio de reemplazo Tipo de ítem Koha
        Biblioteca del Ateneo de Madrid Biblioteca del Ateneo de Madrid Depósito 2 17/01/2008     E-1007 1137544 23/02/2023 23/02/2023 Libro impreso